000 00742nam a2200289Ia 4500
005 20260324132837.0
008 008 260324s9999 xx 000 0 eng d
020 _a9780429293115
037 _aEBOOK
040 _aCRL
040 _beng
040 _cCRL
041 _2eng
041 _aeng
084 _qCRL
100 _aKees van Kooten Niekerk; Hans Buhl
_91190833
245 4 _aThe Significance of Complexity
245 0 _bApproaching a Complex World Through Science, Theology and the Humanities
260 _bTaylor and Francis
260 _c2004
365 _a
365 _b230
856 _uhttp://www.taylorfrancis.com/books/9780429293115
942 _cEBOOK
999 _c1789297
_d1789297